The Epistle to the Philippians: (Record no. 3)

000 -LEADER
fixed length control field 00681nam a2200193 a 4500
001 - CONTROL NUMBER
control field :::00003644$&:&@@
003 - CONTROL NUMBER IDENTIFIER
control field OkBaRHE
005 - DATE AND TIME OF LATEST TRANSACTION
control field 20100304151316.0
008 - FIXED-LENGTH DATA ELEMENTS--GENERAL INFORMATION
fixed length control field s1991 j 000 0 eng u
040 ## - CATALOGING SOURCE
Transcribing agency
100 1# - MAIN ENTRY--PERSONAL NAME
Personal name O'Brien, Peter Thomas.
245 14 - TITLE STATEMENT
Title The Epistle to the Philippians:
Remainder of title a commentary on the Greek text.
260 ## - PUBLICATION, DISTRIBUTION, ETC. (IMPRINT)
Place of publication, distribution, etc Grand Rapids, MI.,:
Name of publisher, distributor, etc Wm. B. Eerdmans Publishing Co.,
Date of publication, distribution, etc 1991
300 ## - PHYSICAL DESCRIPTION
Extent 597 p. ;
Dimensions 27 cm.
490 0# - SERIES STATEMENT
Series statement The New International Greek Testament commentary
650 ## - SUBJECT ADDED ENTRY--TOPICAL TERM
Topical term or geographic name as entry element Bible N.T. Philippians
General subdivision Commentaries.
942 ## - ADDED ENTRY ELEMENTS (KOHA)
Source of classification or shelving scheme
Koha item type Books
Copies
Lost status Permanent Location Withdrawn status Not for loan Koha item type Date last seen Source of classification or shelving scheme Price effective from Barcode Shelving location Copy number Collection code Damaged status Full call number Date acquired
 RHEMA Bible Training College  Books2018-04-03 2010-04-143644General Stacks1Reference BS 2705.3 .O272010-04-14